000 00667nam a2200253Ia 4500
003 OSt
005 20220918164735.0
006 a|||||r|||| 00| 0
007 ta
008 220917b |||||||| |||| 00| 0 eng d
020 _a0745317545 (pbk)
024 _a234,564
037 _cTextual
040 _aARTS
_cARTS
_beng
041 _2eng
_aeng
082 _aW:(R), P2
100 _aGupta Suman
_920417
245 0 _aCorporate capitalism and political philosophy
260 _aLondon
_bPluto Press UK
_c2002
300 _avii,289p.
_ccm.
650 _aPOLITICAL SCIENCE
942 _hW:(R), P2
_cTEXL
_2CC
999 _c126293
_d126293